Ivanhoe /

Guardado en:
Autor Principal: Scott, Walter.
Formato: Libro
Idioma:Spanish
Publicado: Buenos Aires : Hyspamerica, 1984.
Edición:1a ed.
Series:Historia Universal de la Literatura ; 91
Materias:
Etiquetas: Agregar Etiqueta
Sin Etiquetas, Sea el primero en etiquetar este registro!
LEADER 00533nam a22001815a 4500
001 CEM.cems024504
008 250212s1984####ag############000#0#spa#d
005 20250212154500.0
245 1 0 |a Ivanhoe /  |c Walter Scott. 
250 |a 1a ed. 
260 |a Buenos Aires :  |b Hyspamerica,  |c 1984. 
300 |a 479 p. 
490 1 |a Historia Universal de la Literatura ;  |v 91 
020 |a 950614298X 
100 1 |a Scott, Walter. 
653 |a Literatura inglesa 
653 |a Novela inglesa 
859 |a CEMS  |b BIB. CEMS - 11 de abril  |h 823.7  |i Sc86-1  |p 29767.25  |t Ej.1